| 000 | 00963nam a22003017a 4500 | ||
|---|---|---|---|
| 003 | CHAP | ||
| 005 | 20220329134109.0 | ||
| 008 | 971013s1976 r 00010 d | ||
| 010 | _a15325 | ||
| 011 | _a16297 | ||
| 035 | _a20376 | ||
| 040 | _cCHAP | ||
| 082 |
_a333.72 _bB3 1976 |
||
| 100 | 0 | 0 |
_aBassols Batalla, Angel. _910728 |
| 245 | _aRecursos naturales de México ; teoría, conocimiento y uso | ||
| 250 | _a6 ed. | ||
| 260 |
_aMéxico, D. F. : _bNuestro Tiempo, _c1976 |
||
| 300 |
_a345 p. _b: ilus. |
||
| 490 | _aLos grandes problemas nacionales | ||
| 590 |
_aBATCH-UPD _b10 _c20130110 _lUCH01 _h1904 |
||
| 590 |
_aCONVERSION _b10 _c20130109 _lUCH01 _h1310 |
||
| 650 | 1 | 4 |
_aRecursos naturales. _995172 |
| 830 | 0 |
_aLos grandes problemas nacionales _968570 |
|
| 901 | _aBK | ||
| 942 | _cLIBRO | ||
| 949 |
_a333.72 B3 1976 _bBC _cLIBRO _d-47592 _eLIBRO _h28847 _i20376 _si |
||
| 949 |
_a333.72 B3 1976 _bBC _cLIBRO _d33724000341475 _eLIBRO _fc.2 _h44814 _i20376 _si |
||
| 999 |
_c15325 _d15325 |
||